Zhlukovanie na sociálnom webe

Salvato in:
Dettagli Bibliografici
Autore principale: Kuzár, Tomáš, 1984- (Autore)
Altri autori: Návrat, Pavol, 1952- (Relatore della tesi)
Natura: Manoscritto Libro
Lingua:inglese
Pubblicazione: Bratislava : STU v Bratislave FIIT, 2013
Soggetti:
Accesso online:VAIS
Tags: Aggiungi Tag
Nessun Tag, puoi essere il primo ad aggiungerne!!

MARC

LEADER 00000ntm a22000003a 4500
001 stu275475
005 20180418111624.1
008 131003s2013----xo------------------eng-d
040 |a STU  |b slo 
041 0 |a eng 
044 |a xo 
100 1 |a Kuzár, Tomáš,  |d 1984-  |4 aut  |u I200  |U FIIT Fakulta informatiky a informačných technológií  |T FIIT Ústav informatiky a softvérového inžinierstva  |X 30457  |U I200  |Y 179  |7 30457 
242 0 0 |a Clustering on Social Web  |y eng 
245 1 |a Zhlukovanie na sociálnom webe 
260 |a Bratislava :  |b STU v Bratislave FIIT,  |c 2013 
650 7 |a clustering  |2 estusub 
650 7 |a sociálny web  |2 stusub 
650 7 |a zhlukovanie  |2 stusub 
650 7 |a programové systémy  |2 stusub 
650 7 |a Program Systems  |2 estusub 
700 1 |a Návrat, Pavol,  |d 1952-  |4 ths  |u I200  |U FIIT Fakulta informatiky a informačných technológií  |T FIIT Ústav informatiky a softvérového inžinierstva  |X 4660  |U I200  |Y 179  |7 4660 
856 4 |a info a plný text  |u http://is.stuba.sk/zp/portal_zp.pl?podrobnosti=55908  |3 VAIS